[Event "Arequipa GP Peru Sur"]
[Site "Arequipa"]
[Date "2013.06.28"]
[Round "3"]
[White "Cabrera Huaman, Rodolfo"]
[Black "Gutierrez, Carmelo"]
[Result "0-1"]
[WhiteElo "2042"]
[BlackElo "2269"]
[PlyCount "102"]
[EventDate "2013.06.27"]
[EventType "swiss"]
[EventRounds "8"]
[EventCountry "PER"]
[SourceTitle "EXT 2018"]
[Source "ChessBase"]
[SourceDate "2017.10.13"]
[SourceVersion "1"]
[SourceVersionDate "2017.10.13"]
[SourceQuality "1"]

1. e4 e6 2. d4 d5 3. Nc3 Bb4 4. a3 Bxc3+ 5. bxc3 Ne7 6. e5 b6 7. Qg4 0-0 8. Bd3 Ba6 9. Bxh7+ Kxh7 10. Qh3+ Kg8 11. Nf3 f6 12. Qxe6+ Rf7 13. exf6 gxf6 14. Qg4+ Kf8 15. Bh6+ Ke8 16. Kd2 Qd7 17. Qg3 Kd8 18. Rhe1 Kc8 19. Qf4 Ng8 20. Nh4 Nc6 21. Qe3 Kb7 22. Bf4 Re7 23. Qg3 Na5 24. Rxe7 Nc4+ 25. Ke1 Nxe7 26. a4 Rg8 27. Qf3 Nf5 28. Nxf5 Qxf5 29. Bg3 Qxf3 30. gxf3 Kc6 31. Kf1 f5 32. Kg2 f4 33. h4 Bc8 34. Kh2 Nd2 35. Kg2 fxg3 36. fxg3 Rf8 37. f4 Bg4 38. a5 b5 39. Re1 Ne4 40. h5 Bxh5 41. Rh1 Bg4 42. Rh6+ Rf6 43. Rh8 Nxc3 44. Rg8 Bd1 45. Kf2 Bxc2 46. Ke3 b4 47. g4 b3 48. g5 Rg6 49. Rb8 Nb5 50. Kd2 Bf5 51. Rf8 b2 0-1

[Event "American Continental 09th"]
[Site "Cochabamba"]
[Date "2013.05.09"]
[Round "3"]
[White "Cubas, Jose Fernando"]
[Black "Gutierrez, Carmelo"]
[Result "1-0"]
[WhiteElo "2550"]
[BlackElo "2253"]
[PlyCount "97"]
[EventDate "2013.05.07"]
[EventType "swiss"]
[EventRounds "11"]
[EventCountry "BOL"]
[SourceTitle "CBM 154 Extra"]
[Source "ChessBase"]
[SourceDate "2013.06.25"]
[SourceVersion "2"]
[SourceVersionDate "2013.06.25"]
[SourceQuality "1"]

1. e4 e6 2. d4 d5 3. e5 c5 4. c3 Bd7 5. Nf3 a6 6. a3 cxd4 7. cxd4 Bb5 8. Bd3 Bxd3 9. Qxd3 Nc6 10. 0-0 Qd7 11. Nbd2 a5 12. b3 Nge7 13. Nb1 Nc8 14. Nc3 Be7 15. Ra2 0-0 16. Ng5 Bxg5 17. Bxg5 h6 18. Bh4 Nb6 19. f4 a4 20. bxa4 Nxa4 21. Raf2 Nxc3 22. Qxc3 Ra4 23. f5 exf5 24. Qg3 Kh7 25. Rxf5 Nxd4 26. R5f2 Ne6 27. h3 d4 28. Qd3+ Kh8 29. Rf6 Ra6 30. Qf5 d3 31. Rxh6+ gxh6 32. Bf6+ Kg8 33. Rf4 Ra4 34. Rf3 Qd4+ 35. Kh1 Rc8 36. Rg3+ Kf8 37. Bg7+ Ke8 38. Bxh6 Qh4 39. Rg8+ Kd7 40. Qxf7+ Qe7 41. Qxe7+ Kxe7 42. Rxc8 Rxa3 43. Rc1 b5 44. Kh2 Nd4 45. Be3 Ne2 46. Rc6 Rc3 47. Rd6 Rc8 48. Bg5+ Ke8 49. e6 1-0

[Event "Ilo Regional Sur op"]
[Site "Ilo Moquegua"]
[Date "2012.04.05"]
[Round "2"]
[White "Ortega, Jaime"]
[Black "Gutierrez, Carmelo"]
[Result "0-1"]
[WhiteElo "1936"]
[BlackElo "2289"]
[PlyCount "110"]
[EventDate "2012.04.05"]
[EventType "swiss"]
[EventRounds "7"]
[EventCountry "PER"]
[SourceTitle "EXT 2013"]
[Source "ChessBase"]
[SourceDate "2012.11.22"]
[SourceVersion "1"]
[SourceVersionDate "2012.11.22"]
[SourceQuality "1"]

1. c4 Nf6 2. Nc3 g6 3. g3 Bg7 4. Bg2 0-0 5. Nf3 d6 6. 0-0 e5 7. d3 Re8 8. Bg5 h6 9. Bxf6 Bxf6 10. Rb1 Bg7 11. Qd2 c6 12. Ne1 Be6 13. Nc2 a5 14. e4 Nd7 15. b3 Nc5 16. h3 Qd7 17. Kh2 b5 18. cxb5 cxb5 19. Ne3 b4 20. Ncd5 Qd8 21. Bf3 h5 22. Qe2 Bh6 23. h4 Bxe3 24. Qxe3 Bxd5 25. exd5 Qf6 26. Kg2 a4 27. bxa4 Rxa4 28. Bd1 Rxa2 29. Rxb4 Ra3 30. Bc2 Rea8 31. Rd1 Kg7 32. Qe2 Ra2 33. d4 exd4 34. Rdxd4 R8a7 35. Qc4 Qe5 36. Rf4 R7a3 37. Be4 Rd2 38. Qb5 Ra7 39. Qb8 Re7 40. Qd8 Re8 41. Qc7 Re7 42. Qd8 Re8 43. Qc7 Qe7 44. Qc6 f5 45. Bxf5 gxf5 46. Rxf5 Rf8 47. Rxf8 Qxf8 48. Rf4 Qe7 49. Qc8 Rxd5 50. g4 Re5 51. gxh5 Qb7+ 52. Qxb7+ Nxb7 53. Kg3 Rxh5 54. Ra4 Nc5 55. f4 Nxa4 0-1

[Event "Santa Cruz Mario Dario Lopez"]
[Site "Santa Cruz"]
[Date "2008.03.23"]
[Round "7"]
[White "Gutierrez, Carmelo"]
[Black "Sustach, Marcos Antonio"]
[Result "0-1"]
[WhiteElo "2310"]
[BlackElo "2254"]
[PlyCount "52"]
[EventDate "2008.03.20"]
[EventType "tourn"]
[EventRounds "11"]
[EventCountry "BOL"]
[EventCategory "4"]
[SourceTitle "CBM 123 Extra"]
[Source "ChessBase"]
[SourceDate "2008.05.06"]
[SourceVersion "1"]
[SourceVersionDate "2008.05.06"]
[SourceQuality "1"]

1. e4 c5 2. Nf3 e6 3. d4 cxd4 4. Nxd4 a6 5. Bd3 Qc7 6. 0-0 Bc5 7. Nb3 Be7 8. Qg4 g6 9. f4 d5 10. exd5 Nf6 11. Qf3 Nxd5 12. c3 Nd7 13. N1d2 N7f6 14. Ne4 0-0 15. Nxf6+ Nxf6 16. Be3 Bd7 17. Bd4 Bc6 18. Qe3 Bd5 19. Rae1 Bc4 20. Bxc4 Qxc4 21. f5 Nd5 22. Qh6 Bf6 23. fxe6 fxe6 24. Qh3 Rae8 25. Bc5 Rf7 26. Rxe6 Bd4+ 0-1

[Event "Santa Cruz Mario Dario Lopez"]
[Site "Santa Cruz"]
[Date "2008.03.22"]
[Round "5"]
[White "Gutierrez, Carmelo"]
[Black "Lopez, Mario Iver"]
[Result "0-1"]
[WhiteElo "2310"]
[BlackElo "2279"]
[PlyCount "128"]
[EventDate "2008.03.20"]
[EventType "tourn"]
[EventRounds "11"]
[EventCountry "BOL"]
[EventCategory "4"]
[SourceTitle "CBM 123 Extra"]
[Source "ChessBase"]
[SourceDate "2008.05.06"]
[SourceVersion "1"]
[SourceVersionDate "2008.05.06"]
[SourceQuality "1"]

1. d4 Nf6 2. Nc3 g6 3. e4 d6 4. f4 Bg7 5. Nf3 0-0 6. Be3 c6 7. Bd3 b5 8. Qd2 b4 9. Nd1 a5 10. a3 bxa3 11. Rxa3 Bb7 12. Nf2 Nbd7 13. 0-0 c5 14. Rfa1 c4 15. Bxc4 Nxe4 16. Nxe4 Bxe4 17. Ng5 Bb7 18. Rxa5 Rxa5 19. Rxa5 h6 20. Nf3 Bxf3 21. gxf3 Nb6 22. Bd3 d5 23. b3 e6 24. Ra6 Nd7 25. Kg2 Nf6 26. Kf1 Nh5 27. Ke1 Kh7 28. Kd1 Qb8 29. Kc1 Rc8 30. Kb1 Bf8 31. h3 Bb4 32. Qh2 Bc3 33. h4 Kg7 34. Ra4 Qc7 35. Ra6 Be1 36. Qh1 Bg3 37. Qg2 Re8 38. f5 exf5 39. Bd2 Be1 40. Bc1 Bc3 41. Bd2 Bxd4 42. Bxf5 Bf6 43. Bg4 Qe5 44. c3 d4 45. Rxf6 Nxf6 46. c4 d3 47. f4 Qd4 48. Bf3 Ne4 49. Bxe4 Rxe4 50. Bc3 Qxc3 51. Qxe4 Qxb3+ 52. Ka1 Qc3+ 53. Kb1 d2 54. Qc2 Qd4 55. Qd1 Qxf4 56. h5 Qxc4 57. Qxd2 Qb5+ 58. Kc2 Qxh5 59. Qe3 Qf5+ 60. Kd1 g5 61. Qd4+ Qf6 62. Qe4 h5 63. Qd5 h4 64. Qg2 Qa1+ 0-1

[Event "Santa Cruz Mario Dario Lopez"]
[Site "Santa Cruz"]
[Date "2008.03.21"]
[Round "2"]
[White "Gutierrez, Carmelo"]
[Black "Ferrufino, Boris"]
[Result "0-1"]
[WhiteElo "2310"]
[BlackElo "2199"]
[PlyCount "104"]
[EventDate "2008.03.20"]
[EventType "tourn"]
[EventRounds "11"]
[EventCountry "BOL"]
[EventCategory "4"]
[SourceTitle "CBM 123 Extra"]
[Source "ChessBase"]
[SourceDate "2008.05.06"]
[SourceVersion "1"]
[SourceVersionDate "2008.05.06"]
[SourceQuality "1"]

1. e4 c5 2. Nf3 Nc6 3. d4 cxd4 4. Nxd4 Nf6 5. Nc3 e5 6. Ndb5 d6 7. Nd5 Nxd5 8. exd5 Nb8 9. Qf3 a6 10. Qa3 b6 11. c4 Be7 12. Be3 Bb7 13. Nc3 Nd7 14. Bd3 0-0 15. Bf5 Rb8 16. 0-0 Bc8 17. Rac1 g6 18. Bc2 f5 19. Ba4 f4 20. Bd2 Nc5 21. Bc2 a5 22. f3 Ba6 23. b3 Bc8 24. Qb2 Bf5 25. a3 Bf6 26. Qb1 Bg7 27. b4 axb4 28. axb4 Nd7 29. Nb5 Bxc2 30. Qxc2 Nf6 31. Ra1 Rb7 32. Ra6 Qd7 33. Qd3 g5 34. Rfa1 e4 35. fxe4 Ng4 36. R1a3 Ne5 37. Qf1 f3 38. Ra8 g4 39. g3 Qe7 40. Bf4 Qf6 41. Rxf8+ Bxf8 42. Ra8 Qg6 43. Bxe5 dxe5 44. Qa1 Qxe4 45. Rxf8+ Kg7 46. Re8 Qe3+ 47. Kh1 f2 48. Rg8+ Kxg8 49. Qa8+ Kg7 50. Qxb7+ Kg6 51. Qc6+ Kg5 52. h4+ gxh3 0-1

[Event "Lima olympic qual"]
[Site "Lima"]
[Date "2004.??.??"]
[Round "?"]
[White "Cruz Estrada, Filemon"]
[Black "Gutierrez, Carmelo"]
[Result "1-0"]
[WhiteElo "2367"]
[BlackElo "2277"]
[PlyCount "69"]
[EventDate "2004.??.??"]
[EventType "tourn"]
[EventRounds "8"]
[EventCountry "PER"]
[SourceTitle "EXT 2007"]
[Source "ChessBase"]
[SourceDate "2006.11.23"]
[SourceVersion "1"]
[SourceVersionDate "2006.11.23"]
[SourceQuality "1"]

1. Nf3 Nf6 2. g3 b6 3. Bg2 Bb7 4. 0-0 e6 5. c4 Be7 6. d4 0-0 7. b3 d6 8. Bb2 Nbd7 9. Nc3 Ne4 10. Qc2 Nxc3 11. Bxc3 Nf6 12. Rfd1 Be4 13. Qb2 Qc8 14. Bh3 d5 15. Rac1 Qa6 16. c5 Nd7 17. Bf1 bxc5 18. dxc5 Bf6 19. Nd2 Bxc3 20. Rxc3 Bg6 21. e4 Qa5 22. Rdc1 c6 23. exd5 exd5 24. Nf3 Rab8 25. Nd4 Qc7 26. Qd2 Rfe8 27. Re3 Kf8 28. Rxe8+ Kxe8 29. b4 Ne5 30. f4 Nc4 31. Bxc4 dxc4 32. Qe2+ Kf8 33. f5 Rxb4 34. fxg6 hxg6 35. Ne6+ 1-0

[Event "Lima olympic qual"]
[Site "Lima"]
[Date "2004.??.??"]
[Round "?"]
[White "Gutierrez, Carmelo"]
[Black "Garcia, Jhoel"]
[Result "1/2-1/2"]
[WhiteElo "2277"]
[BlackElo "2201"]
[PlyCount "30"]
[EventDate "2004.??.??"]
[EventType "tourn"]
[EventRounds "8"]
[EventCountry "PER"]
[SourceTitle "EXT 2007"]
[Source "ChessBase"]
[SourceDate "2006.11.23"]
[SourceVersion "1"]
[SourceVersionDate "2006.11.23"]
[SourceQuality "1"]

1. a3 g6 2. c4 Bg7 3. g3 d6 4. Bg2 e5 5. Nc3 Nc6 6. e3 Be6 7. d3 Qd7 8. Rb1 Nf6 9. Nd5 0-0 10. b4 Nd8 11. Ne2 Ne8 12. b5 c6 13. Ndc3 Bh3 14. 0-0 Bxg2 15. Kxg2 cxb5 1/2-1/2

[Event "PER Grand Prix 1st"]
[Site "Lima"]
[Date "2004.??.??"]
[Round "8"]
[White "Gutierrez, Carmelo"]
[Black "Santivanez Montes, Mario"]
[Result "1-0"]
[WhiteElo "2150"]
[BlackElo "2235"]
[PlyCount "75"]
[EventDate "2004.04.12"]
[EventType "swiss"]
[EventRounds "9"]
[EventCountry "PER"]
[SourceTitle "EXT 2005"]
[Source "ChessBase"]
[SourceDate "2004.11.15"]
[SourceVersion "1"]
[SourceVersionDate "2004.11.15"]
[SourceQuality "1"]

1. e4 e5 2. Nf3 Nc6 3. Bc4 Bc5 4. 0-0 Nf6 5. d3 d6 6. c3 0-0 7. Bb3 Bb6 8. Re1 Be6 9. Bc2 Bg4 10. Nbd2 d5 11. h3 Bh5 12. Qe2 Re8 13. Nf1 dxe4 14. dxe4 Nd7 15. Ng3 Bg6 16. Be3 Nc5 17. Rad1 Qe7 18. Rd5 Nd7 19. b4 Bxe3 20. Qxe3 Nb6 21. Rd3 a5 22. a3 Qe6 23. Qc1 Red8 24. Red1 Rxd3 25. Rxd3 axb4 26. cxb4 Qf6 27. Bb3 h5 28. b5 Nd4 29. Nxd4 exd4 30. Qc5 h4 31. Nf5 Bxf5 32. exf5 Nd7 33. Qxc7 Ne5 34. Rxd4 Rxa3 35. Bd5 b6 36. Re4 Ra1+ 37. Kh2 Qxf5 38. Qxe5 1-0

[Event "PER-ch Regional Sur"]
[Site "Arequipa"]
[Date "2002.??.??"]
[Round "3"]
[White "Iturry Quinonez, Gunther William"]
[Black "Gutierrez, Carmelo"]
[Result "1/2-1/2"]
[WhiteElo "2155"]
[BlackElo "2154"]
[PlyCount "21"]
[EventDate "2002.04.12"]
[EventType "swiss"]
[EventRounds "7"]
[EventCountry "PER"]
[SourceTitle "EXT 2003"]
[Source "ChessBase"]
[SourceDate "2002.11.25"]
[SourceVersion "1"]
[SourceVersionDate "2002.11.25"]
[SourceQuality "1"]

1. e4 e5 2. Nf3 Nc6 3. Bb5 Nf6 4. Bxc6 dxc6 5. 0-0 Nd7 6. d4 exd4 7. Qxd4 Nb6 8. Qxd8+ Kxd8 9. Nc3 Be7 10. a4 Be6 11. Nd4 1/2-1/2